header

Wargamay, the Mpakwithi dialect of Anguthimri, Watjarri, Margany and Gunya, Tasmanian (Record no. 89728)

MARC details
000 -LEADER
fixed length control field 01369nam a2200337 a 4500
245 00 - TITLE STATEMENT
Title Wargamay, the Mpakwithi dialect of Anguthimri, Watjarri, Margany and Gunya, Tasmanian
260 ## - PUBLICATION, DISTRIBUTION, ETC. (IMPRINT)
Place of publication Amsterdam :
Name of publisher J. Benjamins B.V.,
Year of publication 1981.
300 ## - PHYSICAL DESCRIPTION
Number of Pages xxiv, 427 p. :
Other physical details maps.
490 1# - SERIES STATEMENT
Series statement Handbook of Australian languages ;
650 #0 - SUBJECT ADDED ENTRY--TOPICAL TERM
Topical Term Australian languages.
Topical Term Aboriginal Australians
700 1# - ADDED ENTRY--PERSONAL NAME
Personal name Dixon, Robert M. W.
Personal name Blake, Barry J.
856 40 - ELECTRONIC LOCATION AND ACCESS
Uniform Resource Identifier http://site.ebrary.com/lib/rucke/Doc?id=10556454

No items available.

© 2026 Rongo University
Contact us: librarian | system librarian | Rongo university